<?xml version="1.0" encoding="UTF-8"?>
<record
    xmlns:xsi="http://www.w3.org/2001/XMLSchema-instance"
    xsi:schemaLocation="http://www.loc.gov/MARC21/slim http://www.loc.gov/standards/marcxml/schema/MARC21slim.xsd"
    xmlns="http://www.loc.gov/MARC21/slim">

  <leader>02027cam a22003254a 4500</leader>
  <controlfield tag="001">12109566</controlfield>
  <controlfield tag="005">20210414113851.0</controlfield>
  <controlfield tag="008">000717s2001    meuab         000 0 eng  </controlfield>
  <datafield tag="010" ind1=" " ind2=" ">
    <subfield code="a">   00059771 </subfield>
  </datafield>
  <datafield tag="020" ind1=" " ind2=" ">
    <subfield code="a">007135526X</subfield>
  </datafield>
  <datafield tag="040" ind1=" " ind2=" ">
    <subfield code="a">DLC</subfield>
    <subfield code="c">DLC</subfield>
    <subfield code="d">DLC</subfield>
  </datafield>
  <datafield tag="042" ind1=" " ind2=" ">
    <subfield code="a">pcc</subfield>
  </datafield>
  <datafield tag="043" ind1=" " ind2=" ">
    <subfield code="a">cc-----</subfield>
  </datafield>
  <datafield tag="050" ind1="0" ind2="0">
    <subfield code="a">G530.F175 C37 </subfield>
  </datafield>
  <datafield tag="082" ind1="0" ind2="0">
    <subfield code="a">910/.916365</subfield>
    <subfield code="2">21</subfield>
  </datafield>
  <datafield tag="100" ind1="1" ind2=" ">
    <subfield code="a">Carrier, Jim,</subfield>
    <subfield code="d">1944-</subfield>
  </datafield>
  <datafield tag="245" ind1="1" ind2="4">
    <subfield code="a">The ship and the storm :</subfield>
    <subfield code="b">Hurricane Mitch and the loss of the Fantome /</subfield>
    <subfield code="c">Jim Carrier.</subfield>
  </datafield>
  <datafield tag="260" ind1=" " ind2=" ">
    <subfield code="a">Camden, Me. :</subfield>
    <subfield code="b">International Marine,</subfield>
    <subfield code="c">c2001.</subfield>
  </datafield>
  <datafield tag="300" ind1=" " ind2=" ">
    <subfield code="a">263 p. :</subfield>
    <subfield code="b">ill., maps ;</subfield>
    <subfield code="c">24 cm.</subfield>
  </datafield>
  <datafield tag="500" ind1=" " ind2=" ">
    <subfield code="a">Includes index.</subfield>
  </datafield>
  <datafield tag="505" ind1=" " ind2=" ">
    <subfield code="a">Contents: Omoa, Honduras October 4-10 1998 -- Belize October 11-17, 1998 -- Bay Islands, Honduras October 18-24, 1998  -- Omoa and Miami October 24-25, 1998 -- Omoa October 25, 1998 -- Belize and Miami October 26, 1998 -- Gulf of Honduras October 26, 1998 -- Roatan, Bay Islands October 27, 1998 -- Bay Islands October 27, 1998 -- Miami and Bay Islands October 27, 1998 -- Bay Islands, Mainland Honduras October 28, 1998 -- Bay Islands, Mainland Honduras, and Miami October 29, 1998 -- Bay Islands, Mainland Honduras and Miami October 30-November 1, 1998 -- Bay Islands, Guyana, Gulf of Mexico and Miami November 2-5, 1998 -- Bay Islands, Mainland Honduras, Eastern Carribean, Miami, Britist Isles November 6, 1998-years end -- Coda -- Epilogue.</subfield>
  </datafield>
  <datafield tag="610" ind1="2" ind2="0">
    <subfield code="a">Fantome (Schooner)</subfield>
  </datafield>
  <datafield tag="650" ind1=" " ind2="0">
    <subfield code="a">Shipwrecks</subfield>
    <subfield code="z">Caribbean Sea.</subfield>
  </datafield>
  <datafield tag="856" ind1="4" ind2="2">
    <subfield code="3">Contributor biographical information</subfield>
    <subfield code="u">http://www.loc.gov/catdir/bios/mh041/00059771.html</subfield>
  </datafield>
  <datafield tag="856" ind1="4" ind2="2">
    <subfield code="3">Publisher description</subfield>
    <subfield code="u">http://www.loc.gov/catdir/description/mh021/00059771.html</subfield>
  </datafield>
  <datafield tag="856" ind1="4" ind2="1">
    <subfield code="3">Table of contents</subfield>
    <subfield code="u">http://www.loc.gov/catdir/toc/mh021/00059771.html</subfield>
  </datafield>
  <datafield tag="906" ind1=" " ind2=" ">
    <subfield code="a">7</subfield>
    <subfield code="b">cbc</subfield>
    <subfield code="c">orignew</subfield>
    <subfield code="d">1</subfield>
    <subfield code="e">ocip</subfield>
    <subfield code="f">20</subfield>
    <subfield code="g">y-gencatlg</subfield>
  </datafield>
  <datafield tag="942" ind1=" " ind2=" ">
    <subfield code="2">lcc</subfield>
    <subfield code="c">BK</subfield>
  </datafield>
  <datafield tag="999" ind1=" " ind2=" ">
    <subfield code="c">184</subfield>
    <subfield code="d">7684</subfield>
  </datafield>
  <datafield tag="952" ind1=" " ind2=" ">
    <subfield code="0">0</subfield>
    <subfield code="1">0</subfield>
    <subfield code="2">lcc</subfield>
    <subfield code="4">0</subfield>
    <subfield code="7">0</subfield>
    <subfield code="a">WIUC-1</subfield>
    <subfield code="b">WIUC-1</subfield>
    <subfield code="c">GEN</subfield>
    <subfield code="d">2011-10-20</subfield>
    <subfield code="l">0</subfield>
    <subfield code="o">G530.F175 C37</subfield>
    <subfield code="p">470/11</subfield>
    <subfield code="r">2011-10-20 00:00:00</subfield>
    <subfield code="t">1</subfield>
    <subfield code="w">2011-10-20</subfield>
    <subfield code="y">BK</subfield>
  </datafield>
  <datafield tag="952" ind1=" " ind2=" ">
    <subfield code="0">0</subfield>
    <subfield code="1">0</subfield>
    <subfield code="2">lcc</subfield>
    <subfield code="4">0</subfield>
    <subfield code="7">0</subfield>
    <subfield code="a">WIUC-1</subfield>
    <subfield code="b">WIUC-1</subfield>
    <subfield code="c">GEN</subfield>
    <subfield code="d">2011-10-20</subfield>
    <subfield code="l">0</subfield>
    <subfield code="o">G530.F175 C371</subfield>
    <subfield code="p">471/11</subfield>
    <subfield code="r">2011-10-20 00:00:00</subfield>
    <subfield code="t">2</subfield>
    <subfield code="w">2011-10-20</subfield>
    <subfield code="y">BK</subfield>
  </datafield>
  <datafield tag="952" ind1=" " ind2=" ">
    <subfield code="0">0</subfield>
    <subfield code="1">0</subfield>
    <subfield code="2">lcc</subfield>
    <subfield code="4">0</subfield>
    <subfield code="7">0</subfield>
    <subfield code="a">WIUC-1</subfield>
    <subfield code="b">WIUC-1</subfield>
    <subfield code="c">GEN</subfield>
    <subfield code="d">2011-10-20</subfield>
    <subfield code="l">0</subfield>
    <subfield code="o">G530.F175 C372</subfield>
    <subfield code="p">472/11</subfield>
    <subfield code="r">2011-10-20 00:00:00</subfield>
    <subfield code="t">3</subfield>
    <subfield code="w">2011-10-20</subfield>
    <subfield code="y">BK</subfield>
  </datafield>
  <datafield tag="952" ind1=" " ind2=" ">
    <subfield code="0">0</subfield>
    <subfield code="1">0</subfield>
    <subfield code="2">lcc</subfield>
    <subfield code="4">0</subfield>
    <subfield code="7">0</subfield>
    <subfield code="a">WIUC-1</subfield>
    <subfield code="b">WIUC-1</subfield>
    <subfield code="c">GEN</subfield>
    <subfield code="d">2011-10-20</subfield>
    <subfield code="l">0</subfield>
    <subfield code="o">G530.F175 C373</subfield>
    <subfield code="p">473/11</subfield>
    <subfield code="r">2011-10-20 00:00:00</subfield>
    <subfield code="t">4</subfield>
    <subfield code="w">2011-10-20</subfield>
    <subfield code="y">BK</subfield>
  </datafield>
  <datafield tag="952" ind1=" " ind2=" ">
    <subfield code="0">0</subfield>
    <subfield code="1">0</subfield>
    <subfield code="2">lcc</subfield>
    <subfield code="4">0</subfield>
    <subfield code="7">0</subfield>
    <subfield code="a">WIUC-1</subfield>
    <subfield code="b">WIUC-1</subfield>
    <subfield code="c">GEN</subfield>
    <subfield code="d">2011-10-20</subfield>
    <subfield code="l">0</subfield>
    <subfield code="o">G530.F175 C374</subfield>
    <subfield code="p">474/11</subfield>
    <subfield code="r">2011-10-20 00:00:00</subfield>
    <subfield code="t">5</subfield>
    <subfield code="w">2011-10-20</subfield>
    <subfield code="y">BK</subfield>
  </datafield>
  <datafield tag="952" ind1=" " ind2=" ">
    <subfield code="0">0</subfield>
    <subfield code="1">0</subfield>
    <subfield code="2">lcc</subfield>
    <subfield code="4">0</subfield>
    <subfield code="7">0</subfield>
    <subfield code="a">WIUC-1</subfield>
    <subfield code="b">WIUC-1</subfield>
    <subfield code="c">GEN</subfield>
    <subfield code="d">2011-10-20</subfield>
    <subfield code="l">0</subfield>
    <subfield code="o">G530.F175 C375</subfield>
    <subfield code="p">475/11</subfield>
    <subfield code="r">2011-10-20 00:00:00</subfield>
    <subfield code="t">6</subfield>
    <subfield code="w">2011-10-20</subfield>
    <subfield code="y">BK</subfield>
  </datafield>
  <datafield tag="952" ind1=" " ind2=" ">
    <subfield code="0">0</subfield>
    <subfield code="1">0</subfield>
    <subfield code="2">lcc</subfield>
    <subfield code="4">0</subfield>
    <subfield code="7">0</subfield>
    <subfield code="a">WIUC-1</subfield>
    <subfield code="b">WIUC-1</subfield>
    <subfield code="c">GEN</subfield>
    <subfield code="d">2011-10-20</subfield>
    <subfield code="l">0</subfield>
    <subfield code="o">G530.F175 C376</subfield>
    <subfield code="p">476/11</subfield>
    <subfield code="r">2011-10-20 00:00:00</subfield>
    <subfield code="t">7</subfield>
    <subfield code="w">2011-10-20</subfield>
    <subfield code="y">BK</subfield>
  </datafield>
  <datafield tag="952" ind1=" " ind2=" ">
    <subfield code="0">0</subfield>
    <subfield code="1">0</subfield>
    <subfield code="2">lcc</subfield>
    <subfield code="4">0</subfield>
    <subfield code="7">0</subfield>
    <subfield code="a">WIUC-1</subfield>
    <subfield code="b">WIUC-1</subfield>
    <subfield code="c">GEN</subfield>
    <subfield code="d">2011-10-20</subfield>
    <subfield code="l">0</subfield>
    <subfield code="o">G530.F175 C377</subfield>
    <subfield code="p">477/11</subfield>
    <subfield code="r">2011-10-20 00:00:00</subfield>
    <subfield code="t">8</subfield>
    <subfield code="w">2011-10-20</subfield>
    <subfield code="y">BK</subfield>
  </datafield>
  <datafield tag="952" ind1=" " ind2=" ">
    <subfield code="0">0</subfield>
    <subfield code="1">0</subfield>
    <subfield code="2">lcc</subfield>
    <subfield code="4">0</subfield>
    <subfield code="7">0</subfield>
    <subfield code="a">WIUC-1</subfield>
    <subfield code="b">WIUC-1</subfield>
    <subfield code="c">GEN</subfield>
    <subfield code="d">2011-10-20</subfield>
    <subfield code="l">0</subfield>
    <subfield code="o">G530.F175 C378</subfield>
    <subfield code="p">478/11</subfield>
    <subfield code="r">2011-10-20 00:00:00</subfield>
    <subfield code="t">9</subfield>
    <subfield code="w">2011-10-20</subfield>
    <subfield code="y">BK</subfield>
  </datafield>
  <datafield tag="952" ind1=" " ind2=" ">
    <subfield code="0">0</subfield>
    <subfield code="1">0</subfield>
    <subfield code="2">lcc</subfield>
    <subfield code="4">0</subfield>
    <subfield code="7">0</subfield>
    <subfield code="a">WIUC-1</subfield>
    <subfield code="b">WIUC-1</subfield>
    <subfield code="c">GEN</subfield>
    <subfield code="d">2011-10-20</subfield>
    <subfield code="l">0</subfield>
    <subfield code="o">G530.F175 C379</subfield>
    <subfield code="p">479/11</subfield>
    <subfield code="r">2011-10-20 00:00:00</subfield>
    <subfield code="t">10</subfield>
    <subfield code="w">2011-10-20</subfield>
    <subfield code="y">BK</subfield>
  </datafield>
</record>
